Marcaurelia: doctrine néo-stoicienne de vie religieuse, morale et sociale
Đã lưu trong:
| Tác giả chính: | |
|---|---|
| Định dạng: | Sách |
| Ngôn ngữ: | Tiếng Pháp |
| Được phát hành: |
París
Universitaires de France
1928
|
| Loạt: | Liberté, Droiture, Bonte
|
| Những chủ đề: | |
| Các nhãn: |
Thêm thẻ
Không có thẻ, Là người đầu tiên thẻ bản ghi này!
|
MARC
| LEADER | 00000nam a2200000 a 4500 | ||
|---|---|---|---|
| 001 | UCZ3448 | ||
| 003 | CL-VaPUC | ||
| 008 | 951020e19280000FR |||||||||||||||||fre|d | ||
| 082 | 0 | 4 | |a 188 |b LOI |2 21 |
| 100 | |a Loisel, Gustave |e autor |9 347212 | ||
| 245 | 1 | 0 | |a Marcaurelia: doctrine néo-stoicienne de vie religieuse, morale et sociale |
| 300 | |a 416 p | ||
| 942 | |c BK | ||
| 945 | |d 19951020 00:00:00 |a lriquelm | ||
| 260 | |a París |b Universitaires de France |c 1928 | ||
| 600 | 0 | |a Marco Aurelio, |d 121-180 |9 347213 | |
| 650 | 7 | |a ESTOICISMO |2 CL-VaPUC |9 347214 | |
| 650 | 0 | |a Filosofía antigua |9 255705 | |
| 650 | 0 | |a Filosofía romana |9 344946 | |
| 583 | |a last modification |c 19951020 00:00:00 |k Rodrigo Vera | ||
| 490 | 0 | |a Liberté, Droiture, Bonte | |
| 999 | |c 239923 |d 239921 | ||
| 952 | |0 0 |1 0 |4 0 |6 188_000000000000000_LOI_1928 |7 0 |8 P |9 251452 |a BIBEDU |b BIBEDU |c BIBEDU_PB |d 2019-11-18 |i 1589164 |o 188 LOI 1928 |p 1589164 |r 2024-01-25 |w 2019-11-18 |y BK |k FIL | ||